[Event "57 Ogolnopolski Masowy Turniej Szachowy o "ZLOTA WIEZE" - Final Centralny 2015"]
[Site "Chotowa"]
[Date "1899-12-30"]
[Round "4.14"]
[White "Dobrowolski, Aleksander"]
[Black "Gorzkiewicz, Lukasz"]
[Result "1-0"]
[WhiteTitle "m"]
[BlackTitle "k"]
[WhiteElo "2274"]
[BlackElo "2140"]

1. e4 c6 2. d4 d5 3. Nd2 dxe4 4. Nxe4 Bf5 5. Ng3 g6 6. Bc4 e6 7. Nxf5 gxf5 8. Nf3
Nd7 9. O-O Ngf6 10. Re1 Ne4 11. Nd2 Nb6 12. Nxe4 fxe4 13. Bb3 Qh4 14. g3 Rg8 15.
Qe2 O-O-O 16. Qxe4 Qh3 17. Bf4 Nd5 18. Be5 Bd6 19. c4 Nc7 20. Qf4 Rg4 21. Qf3
Bxe5 22. dxe5 Rdg8 23. Qxf7 R4g7 24. Qf3 h5 25. Re4 h4 26. Qg2 Qf5 27. Rxh4 Qxe5
28. Rb1 Qf6 29. Qe4 Rf8 30. Rf1 c5 31. Rh5 b6 32. Qe5 Qf7 33. Bc2 Rg4 34. Rh7
1-0

[Event "57 Ogolnopolski Masowy Turniej Szachowy o "ZLOTA WIEZE" - Final Centralny 2015"]
[Site "Chotowa"]
[Date "1899-12-30"]
[Round "4.16"]
[White "Ogonowska, Katarzyna"]
[Black "Gorzkiewicz, Marta"]
[Result "1-0"]
[WhiteTitle "I++"]
[BlackTitle "I"]
[WhiteElo "1891"]
[BlackElo "1783"]

1. e4 e5 2. Nf3 Nc6 3. Bc4 Bc5 4. O-O d6 5. c3 Bg4 6. d3 Nf6 7. Bg5 Qd7 8. b4 Bb6
9. Nbd2 h6 10. Be3 d5 11. exd5 Nxd5 12. Bxb6 Bxf3 13. Nxf3 Nxb6 14. b5 Nd8 15.
Nxe5 Qf5 16. Re1 O-O 17. Bb3 c6 18. d4 cxb5 19. Bc2 Qc8 20. Qd3 f5 21. Ng6 Rf7
22. Ne7+ Rxe7 23. Rxe7 Nc6 24. Re2 1-0

[Event "57 Ogolnopolski Masowy Turniej Szachowy o "ZLOTA WIEZE" - Final Centralny 2015"]
[Site "Chotowa"]
[Date "1899-12-30"]
[Round "4.17"]
[White "Chojnacki, Krzysztof"]
[Black "Skindzier, Saturnin"]
[Result "1/2-1/2"]
[WhiteTitle "IM"]
[BlackTitle "k"]
[WhiteElo "2412"]
[BlackElo "2101"]

1. d4 Nf6 2. c4 e6 3. Nc3 d5 4. cxd5 exd5 5. Bg5 Be7 6. e3 O-O 7. Bd3 Nbd7 8. Qc2
Re8 9. Nf3 c6 10. O-O Nf8 11. h3 g6 12. Rab1 a5 13. Na4 Ne6 14. Bxf6 Bxf6 15.
a3 Ng7 16. Nc5 Be7 17. b4 axb4 18. axb4 Bd6 19. Qc3 Qf6 20. Be2 Ra2 21. Rb2 Rxb2
22. Qxb2 h5 23. Rc1 g5 24. Nd3 g4 25. hxg4 hxg4 26. Nfe5 Qg5 27. b5 g3 28. bxc6
gxf2+ 29. Nxf2 bxc6 30. Rxc6 Bxe5 31. dxe5 Qxe3 32. Qc3 Qxc3 33. Rxc3 Bf5 34.
Nd3 Bxd3 1/2-1/2

[Event "57 Ogolnopolski Masowy Turniej Szachowy o "ZLOTA WIEZE" - Final Centralny 2015"]
[Site "Chotowa"]
[Date "1899-12-30"]
[Round "4.18"]
[White "Rak, Tomasz"]
[Black "Bardeli, Lukasz"]
[Result "1-0"]
[WhiteTitle "k"]
[BlackTitle "FM"]
[WhiteElo "1989"]
[BlackElo "2215"]

1. Nf3 Nf6 2. d4 g6 3. c4 Bg7 4. Nc3 d5 5. Bg5 Ne4 6. cxd5 Nxg5 7. Nxg5 e6 8. Qd2
h6 9. Nh3 exd5 10. Qe3+ Kf8 11. O-O-O c6 12. Qg3 Kg8 13. e4 dxe4 14. Bc4 Bf5 15.
Rhe1 Nd7 16. Nxe4 Nb6 17. Bb3 Nd5 18. Nd6 Qd7 19. Nf4 Kh7 20. Nxd5 cxd5 21. Nxf5
Qxf5 22. Qd3 Qg5+ 23. Kb1 Rhe8 24. g3 a6 25. f4 Qh5 26. h3 Qxh3 27. Rxe8 Rxe8
28. Bxd5 Qd7 29. Qf3 Re7 30. g4 Qa4 31. f5 Re3 32. Qf1 Qe8 33. Bxb7 Bxd4 34. Bxa6
Qe4+ 35. Bd3 Qxg4 36. Bc2 Bg7 37. Qb5 Rg3 38. a4 Rg1 39. Rxg1 Qxg1+ 40. Ka2 Qf2
41. Bd3 Qd2 42. Bc4 gxf5 43. Qxf5+ Kh8 44. Qb5 Qf2 45. Bd3 Bd4 46. a5 Kg7 47.
Ka3 Bc5+ 48. b4 Bd4 49. Qc4 h5 50. Ka4 h4 51. Qd5 Qg1 52. Qf5 Bf6 53. Be2 Qa1+
54. Kb5 Qb2 55. Bd3 Qg2 56. Be4 Qe2+ 57. Kb6 h3 58. Qd5 h2 59. b5 Qe3+ 60. Kb7
Qc3 61. a6 Bd4 62. Qc6 Qe3 63. Bd5 Qe7+ 64. Qc7 Qh4 65. Qxf7+ Kh6 66. Qe6+ Kg7
67. Qc6 1-0

[Event "57 Ogolnopolski Masowy Turniej Szachowy o "ZLOTA WIEZE" - Final Centralny 2015"]
[Site "Chotowa"]
[Date "1899-12-30"]
[Round "4.19"]
[White "Kaminski, Piotr"]
[Black "Niklas, Michal"]
[Result "1-0"]
[WhiteTitle "I"]
[BlackTitle "II"]
[WhiteElo "1840"]
[BlackElo "1442"]

1. e4 e6 2. d4 d5 3. Nc3 Bb4 4. e5 c5 5. Bd2 cxd4 6. Nb5 Bxd2+ 7. Qxd2 Nc6 8. f4
Nge7 9. Nd6+ Kf8 10. Nf3 f6 11. Bd3 fxe5 12. fxe5 Nxe5 13. Qf4+ Nf5 14. Nxe5 Qxd6
15. O-O Kg8 16. g4 Nh6 17. Bb5 a6 18. Be8 b5 19. Bf7+ Kf8 20. Ng6+ 1-0

[Event "57 Ogolnopolski Masowy Turniej Szachowy o "ZLOTA WIEZE" - Final Centralny 2015"]
[Site "Chotowa"]
[Date "1899-12-30"]
[Round "4.20"]
[White "Mroczkowska, Danuta"]
[Black "Szelag, Zuzanna"]
[Result "0-1"]
[WhiteTitle "II"]
[BlackTitle "I"]
[WhiteElo "1492"]
[BlackElo "1585"]

1. g3 d5 2. Bg2 Nf6 3. d3 c6 4. e3 e5 5. a3 Be6 6. Nd2 Bd6 7. Ne2 Qd7 8. d4 e4
9. f3 exf3 10. Nxf3 Bh3 11. O-O Bxg2 12. Kxg2 Na6 13. b4 Nc7 14. Qd3 Ne4 15. Ne5
Bxe5 16. dxe5 Ne6 17. c4 N6g5 18. Nf4 dxc4 19. Qxd7+ Kxd7 20. Rd1+ Ke7 21. Rd4
Rad8 22. Rxc4 Nd2 23. Rc2 Nb3 24. Rb1 Nxc1 25. Rbxc1 Rd7 26. h4 Ne4 27. Kf3 Nd2+
28. Ke2 Rhd8 29. Rd1 Ne4 30. Rxd7+ Rxd7 31. Kf3 Nd2+ 32. Ke2 Nb1 33. a4 Kd8 34.
e6 Re7 35. exf7 Rxf7 36. b5 cxb5 37. axb5 Na3 38. Rb2 Re7 39. Kf3 Re5 40. b6 a5
41. Rb3 Nc4 42. Rd3+ Ke7 43. Nd5+ Kf7 44. e4 Re6 45. Rb3 Nd2+ 46. Ke3 Nxb3 47.
Kd3 Nc5+ 48. Kc4 Nxe4 49. g4 Rc6+ 50. Kb3 Nf6 51. Ne3 Rxb6+ 52. Ka4 Re6 53. Nf5
Nxg4 54. Ng3 b6 55. Kb5 Re3 56. Nf1 Rb3+ 57. Ka4 Rb4+ 58. Ka3 Nf2 59. h5 Nd3 60.
Nd2 a4 0-1

[Event "57 Ogolnopolski Masowy Turniej Szachowy o "ZLOTA WIEZE" - Final Centralny 2015"]
[Site "Chotowa"]
[Date "1899-12-30"]
[Round "5.1"]
[White "Walter, Szymon"]
[Black "Lewtak, Damian"]
[Result "0-1"]
[WhiteTitle "I++"]
[BlackTitle "m"]
[WhiteElo "2177"]
[BlackElo "2325"]

1. e4 c5 2. Nf3 Nc6 3. d4 cxd4 4. Nxd4 Nf6 5. Nc3 d6 6. Bg5 e6 7. Qd2 a6 8. O-O-O
Bd7 9. f3 h6 10. Be3 h5 11. Kb1 Be7 12. Nxc6 Bxc6 13. Qf2 b5 14. Ne2 e5 15. Nc3
b4 16. Nd5 Nxd5 17. exd5 Bb5 18. f4 Bf6 19. fxe5 Bxe5 20. Bd4 f6 21. Bxe5 dxe5
22. Bd3 Bxd3 23. Rxd3 Qd6 24. Qf5 Kf7 25. Qe4 g6 26. Rf1 f5 27. Rdf3 Raf8 28.
c4 bxc3 29. Rxc3 Kg7 30. Qd3 Rc8 31. Rd1 Rxc3 32. Qxc3 Rb8 33. Rc1 Rb5 34. Qc7+
Qxc7 35. Rxc7+ Kh6 36. d6 Rd5 37. d7 e4 38. Kc2 e3 39. Rc3 Rd2+ 40. Kc1 f4 41.
g3 Rxd7 0-1

[Event "57 Ogolnopolski Masowy Turniej Szachowy o "ZLOTA WIEZE" - Final Centralny 2015"]
[Site "Chotowa"]
[Date "1899-12-30"]
[Round "5.2"]
[White "Lewicki, Miroslaw"]
[Black "Kastelik, Adrian"]
[Result "1-0"]
[WhiteTitle "CM"]
[BlackTitle "I++"]
[WhiteElo "2224"]
[BlackElo "2116"]

1. e4 e5 2. Nf3 Nc6 3. Bc4 Nf6 4. Ng5 d5 5. exd5 Nd4 6. c3 b5 7. cxd4 bxc4 8. dxe5
Qxd5 9. O-O Bb7 10. Nf3 Nd7 11. b3 cxb3 12. axb3 Nc5 13. Nc3 Qd3 14. Ne1 Qg6 15.
d4 Rd8 16. Rxa7 Ba6 17. b4 Qb6 18. dxc5 Qxa7 19. Qa4+ c6 20. b5 cxb5 21. Nxb5
Qxc5 22. Nc7+ Ke7 23. Ba3 1-0

[Event "57 Ogolnopolski Masowy Turniej Szachowy o "ZLOTA WIEZE" - Final Centralny 2015"]
[Site "Chotowa"]
[Date "1899-12-30"]
[Round "5.3"]
[White "Beczala, Pawel"]
[Black "Lewtak, Dominik"]
[Result "0-1"]
[WhiteTitle "II+"]
[BlackTitle "k"]
[WhiteElo "1717"]
[BlackElo "2153"]

1. e4 c5 2. Nc3 e6 3. f4 d6 4. Bb5+ Nc6 5. Nf3 Nge7 6. d3 g6 7. O-O Bg7 8. Ne2
a6 9. Bxc6+ Nxc6 10. c3 O-O 11. Ng3 b5 12. f5 b4 13. Bg5 f6 14. Be3 Ne7 15. fxg6
hxg6 16. Qd2 bxc3 17. bxc3 Qa5 18. Bh6 e5 19. Rf2 Be6 20. Raf1 d5 21. Qc1 Rad8
22. h4 dxe4 23. Nxe4 Bf5 24. Ne1 Qa4 25. Re2 c4 26. Nc5 Qc6 27. d4 Nd5 28. g3
Rf7 29. Bxg7 Rxg7 30. Nf3 Bd3 31. Nxd3 cxd3 32. Ref2 e4 33. c4 Rc8 34. Ne1 e3
35. Rb2 d2 0-1

[Event "57 Ogolnopolski Masowy Turniej Szachowy o "ZLOTA WIEZE" - Final Centralny 2015"]
[Site "Chotowa"]
[Date "1899-12-30"]
[Round "5.4"]
[White "Swiech, Joanna"]
[Black "Binkowska, Agata"]
[Result "1-0"]
[WhiteTitle "I++"]
[BlackTitle "I+"]
[WhiteElo "1811"]
[BlackElo "1788"]

1. d4 d5 2. f4 Bf5 3. Nf3 e6 4. e3 Nf6 5. Bd3 Ne4 6. O-O Bd6 7. Ne5 h5 8. Nd2 f6
9. Nef3 h4 10. Bxe4 dxe4 11. Ne1 c6 12. c4 g5 13. c5 Bc7 14. Nc4 Nd7 15. Bd2 Nf8
16. Nc2 Ng6 17. b4 Qd5 18. Qe2 O-O-O 19. a4 Rdg8 20. b5 gxf4 21. exf4 Bg4 22.
Qxg4 Nxf4 23. N4e3 Rxg4 24. Nxd5 exd5 25. Bxf4 Bxf4 26. h3 Rg3 27. Rxf4 Rhg8 28.
Ne1 Rxh3 29. bxc6 Rg6 30. cxb7+ 1-0

[Event "57 Ogolnopolski Masowy Turniej Szachowy o "ZLOTA WIEZE" - Final Centralny 2015"]
[Site "Chotowa"]
[Date "1899-12-30"]
[Round "5.5"]
[White "Jagodzinski, Piotr"]
[Black "Karwowski, Kacper"]
[Result "1-0"]
[WhiteTitle "k++"]
[BlackTitle "I++"]
[WhiteElo "2273"]
[BlackElo "2003"]

1. Nf3 Nf6 2. b3 g6 3. Bb2 Bg7 4. e3 O-O 5. Be2 c5 6. c4 Nc6 7. O-O d5 8. cxd5
Nxd5 9. Bxg7 Kxg7 10. Qc2 b6 11. d4 Ndb4 12. Qb2 cxd4 13. a3 Nd5 14. Bb5 Qd6 15.
Rc1 Nd8 16. Qxd4+ Nf6 17. Qxd6 exd6 18. Nbd2 Bb7 19. Rc7 Bd5 20. Rac1 Ne6 21.
R7c2 Bb7 22. Bc6 Rab8 23. b4 Rfc8 24. Nb3 Nd5 25. Bxb7 Rxc2 26. Bxd5 Rxc1+ 27.
Nxc1 Rc8 28. Ne2 Rc2 29. Kf1 Nc7 30. Bb3 Rb2 31. Ned4 a5 32. Ne1 Kf6 33. Nd3 Rb1+
34. Ke2 Nb5 35. Nxb5 Rxb3 36. Kd2 Rb1 37. Kc2 Rg1 38. g3 Ke6 39. h4 axb4 40. axb4
f6 41. Nc7+ Kf7 42. Nd5 b5 43. Nc3 g5 44. hxg5 fxg5 45. Nxb5 Ke7 46. Nd4 Ra1 47.
g4 Rg1 48. f3 Kd7 49. b5 h6 50. Nb4 Kc7 51. Nd5+ Kb7 52. Kd3 Rh1 53. Nf5 h5 54.
Nxd6+ Kb8 55. gxh5 Rxh5 56. e4 Rh3 57. Ke2 Rh2+ 58. Ke3 Rg2 59. b6 g4 60. Nf6
gxf3 61. Nd7+ 1-0

[Event "57 Ogolnopolski Masowy Turniej Szachowy o "ZLOTA WIEZE" - Final Centralny 2015"]
[Site "Chotowa"]
[Date "1899-12-30"]
[Round "5.6"]
[White "Kowalski, Maciej"]
[Black "Dobrowolski, Aleksander"]
[Result "0-1"]
[WhiteTitle "k"]
[BlackTitle "m"]
[WhiteElo "2107"]
[BlackElo "2274"]

1. d4 Nf6 2. c4 g6 3. Nc3 Bg7 4. Nf3 O-O 5. g3 d5 6. cxd5 Nxd5 7. Bg2 c5 8. Qb3
Nxc3 9. bxc3 cxd4 10. cxd4 Nc6 11. e3 e5 12. Nxe5 Nxe5 13. dxe5 Bxe5 14. Rb1 Bf5
15. e4 Be6 16. Qa3 Bc4 17. Bf1 Qd4 18. Qe3 Bxa2 19. Qxd4 Bxd4 20. Rxb7 Rfb8 21.
Rxb8+ Rxb8 22. Bd3 a5 23. Ke2 a4 24. Rd1 Bb3 25. Bc2 Be5 26. Rd2 Bc3 27. Rd7 Bxc2
28. Rc7 Bb2 29. Rxc2 a3 30. Kf3 Rb3+ 31. Kg2 Kg7 32. Rc7 Bxc1 33. Rxc1 a2 34.
Ra1 Rb2 35. Kf3 Kf6 36. Ke3 Ke6 37. h4 Kd6 38. f3 Kc5 39. Kf4 Kb4 40. Kg5 Ka3
41. Kf6 Rb7 42. e5 Kb2 43. Rf1 a1=Q 44. Rxa1 Kxa1 45. f4 Kb2 46. g4 Kc3 47. f5
gxf5 48. gxf5 h5 49. e6 fxe6 50. fxe6 Kd4 51. e7 Rb8 52. Kf7 Ke5 53. e8=Q+ Rxe8
54. Kxe8 Kf5 55. Kf7 Kg4 56. Kf6 Kxh4 0-1

[Event "57 Ogolnopolski Masowy Turniej Szachowy o "ZLOTA WIEZE" - Final Centralny 2015"]
[Site "Chotowa"]
[Date "1899-12-30"]
[Round "5.7"]
[White "Nun, Grzegorz"]
[Black "Wacior, Maciej"]
[Result "1/2-1/2"]
[WhiteTitle "I"]
[BlackTitle "I+"]
[WhiteElo "1887"]
[BlackElo "1921"]

1. Nf3 Nf6 2. g3 d6 3. Bg2 Nbd7 4. d3 e5 5. e4 g6 6. O-O Bg7 7. Nbd2 O-O 8. b3
c6 9. Ba3 Ne8 10. Nc4 c5 11. Ne3 b6 12. Rb1 Bb7 13. Nd2 f5 14. c4 f4 15. Nd5 Bxd5
16. exd5 Bh6 17. Ne4 Ndf6 18. g4 Nxe4 19. dxe4 Qh4 20. f3 Bg7 21. Qe1 Qxe1 22.
Rfxe1 a5 23. Bf1 Nc7 1/2-1/2

[Event "57 Ogolnopolski Masowy Turniej Szachowy o "ZLOTA WIEZE" - Final Centralny 2015"]
[Site "Chotowa"]
[Date "1899-12-30"]
[Round "5.8"]
[White "Antolak, Julia"]
[Black "Ogonowska, Katarzyna"]
[Result "1-0"]
[WhiteTitle "k+"]
[BlackTitle "I++"]
[WhiteElo "1987"]
[BlackElo "1891"]

1. e4 c5 2. Nf3 d6 3. d4 cxd4 4. Nxd4 Nf6 5. Nc3 g6 6. Bc4 Bg7 7. f3 Nc6 8. Be3
Bd7 9. Bb3 a6 10. Qd2 O-O 11. h4 h5 12. Nxc6 Bxc6 13. O-O-O Kh7 14. g4 Qa5 15.
Qg2 Rac8 16. Rhg1 Be8 17. gxh5 Nxh5 18. Rd5 Rc5 19. Bxc5 Bh6+ 20. Be3 Bc6 21.
Rdd1 Bd7 1-0

[Event "57 Ogolnopolski Masowy Turniej Szachowy o "ZLOTA WIEZE" - Final Centralny 2015"]
[Site "Chotowa"]
[Date "1899-12-30"]
[Round "5.9"]
[White "Banasik, Krzysztof"]
[Black "Chojnacki, Krzysztof"]
[Result "1/2-1/2"]
[WhiteTitle "k"]
[BlackTitle "IM"]
[WhiteElo "2232"]
[BlackElo "2412"]

1. e4 e5 2. Nf3 Nc6 3. Bb5 a6 4. Ba4 Nf6 5. O-O Be7 6. Re1 b5 7. Bb3 d6 8. d3 Na5
9. c3 Nxb3 10. axb3 O-O 11. b4 Bb7 12. Nbd2 Nd7 13. Nb3 c5 14. Na5 Qc7 15. Bg5
Bxg5 16. Nxg5 h6 17. Nf3 f5 18. Nxb7 Qxb7 19. Nh4 f4 20. Nf5 Rf6 21. Ne7+ Kh7
22. Nd5 Rg6 23. Qf3 Nb6 24. bxc5 dxc5 25. d4 cxd4 26. cxd4 Nxd5 27. exd5 exd4
28. Rad1 Rd8 29. Rxd4 Qf7 30. h4 Rf6 31. Re5 Kh8 32. h5 Qc7 33. Qe2 f3 34. gxf3
Rdf8 35. d6 Rxd6 36. Rxd6 Qxd6 37. Re8 Qf6 38. Rxf8+ Qxf8 39. Qe4 a5 40. Qe5 Qxf3
41. Qxb5 Qg4+ 42. Kf1 a4 43. Qd5 Qb4 44. Qe5 Qc4+ 45. Kg1 Qc6 46. f4 Qd7 47. Kf2
Kg8 48. Kf3 Kf7 49. Ke4 Qb7+ 50. Ke3 Qb3+ 51. Kf2 Qc4 52. Qf5+ Ke7 53. Qe5+ Kf7
54. Qf5+ Kg8 55. Qe5 Kf7 56. Qf5+ 1/2-1/2

[Event "57 Ogolnopolski Masowy Turniej Szachowy o "ZLOTA WIEZE" - Final Centralny 2015"]
[Site "Chotowa"]
[Date "1899-12-30"]
[Round "5.10"]
[White "Bardeli, Lukasz"]
[Black "Tustanowski, Robert"]
[Result "1-0"]
[WhiteTitle "FM"]
[BlackTitle "m"]
[WhiteElo "2215"]
[BlackElo "2206"]

1. Nf3 d5 2. g3 Nf6 3. Bg2 c6 4. O-O Bg4 5. d3 Bxf3 6. exf3 e6 7. f4 Nbd7 8. Nd2
Be7 9. Nf3 O-O 10. Re1 a5 11. Qe2 Re8 12. a4 Qb6 13. Rb1 Nc5 14. Be3 Qc7 15. b3
b5 16. axb5 cxb5 17. c4 a4 18. Nd4 bxc4 19. bxc4 Qd7 20. Rec1 Reb8 21. Qd1 h6
22. g4 Rxb1 23. Rxb1 Rd8 24. g5 hxg5 25. fxg5 Nh7 26. cxd5 exd5 27. h4 g6 28.
f4 Nf8 29. f5 Qd6 30. Qf3 Rd7 31. fxg6 fxg6 32. Bh3 Rb7 33. Rf1 Bd8 34. Bf4 1-0

[Event "57 Ogolnopolski Masowy Turniej Szachowy o "ZLOTA WIEZE" - Final Centralny 2015"]
[Site "Chotowa"]
[Date "1899-12-30"]
[Round "5.11"]
[White "Tustanowski, Mateusz"]
[Black "Kaminski, Piotr"]
[Result "1-0"]
[WhiteTitle "I"]
[BlackTitle "I"]
[WhiteElo "1873"]
[BlackElo "1840"]

1. e4 e6 2. d3 c5 3. g3 Nc6 4. Bg2 d5 5. Nd2 Nf6 6. Ngf3 Be7 7. O-O O-O 8. e5 Nd7
9. Re1 Qc7 10. Qe2 b5 11. h4 Bb7 12. Nf1 d4 13. N1h2 Nb6 14. h5 h6 15. Ng4 Rfe8
16. Bxh6 gxh6 17. Qd2 Qd8 18. Qxh6 Nd7 19. Qf4 f5 20. exf6 Bxf6 21. Nxf6+ Qxf6
22. Qc7 Na5 23. Qxd7 Bxf3 24. Qxb5 Bxg2 25. Kxg2 Rf8 26. f4 Rab8 27. Qxa5 Qf5
28. Re5 Qf7 29. b3 Qb7+ 30. Kf2 Rbe8 31. Rae1 Rf6 32. Rxc5 Qf7 33. Rg5+ Kh8 34.
Qe5 Rc8 35. Rg6 Rxc2+ 36. Re2 Rxe2+ 37. Kxe2 1-0

[Event "57 Ogolnopolski Masowy Turniej Szachowy o "ZLOTA WIEZE" - Final Centralny 2015"]
[Site "Chotowa"]
[Date "1899-12-30"]
[Round "5.12"]
[White "Szelag, Zuzanna"]
[Black "Buksa, Ewelina"]
[Result "0-1"]
[WhiteTitle "I"]
[BlackTitle "I"]
[WhiteElo "1585"]
[BlackElo "1614"]

1. e4 e5 2. Nf3 Nc6 3. Bb5 Nf6 4. O-O Nxe4 5. d4 Nd6 6. Bxc6 bxc6 7. dxe5 Nc4 8.
Re1 Be7 9. Qd4 Nb6 10. e6 O-O 11. exd7 Bxd7 12. Nc3 Bf6 13. Qd3 Bxc3 14. Qxc3
Nd5 15. Qc5 Qf6 16. c3 Qd6 17. Qd4 f6 18. Qc4 Rfe8 19. Be3 Kh8 20. Bd4 Nb6 21.
Qb3 Bg4 22. Nd2 Qd5 23. Bxb6 Rxe1+ 24. Rxe1 Qxd2 25. Kf1 cxb6 26. Qf7 h6 27. Qg6
Qd7 28. Qe4 Bf5 29. Qf4 Rd8 30. h3 Bg6 31. Qb4 c5 32. Qb3 Qd2 33. Re7 Qc1+ 34.
Ke2 Qd2+ 35. Kf1 Rd7 36. Re3 Qd1+ 37. Qxd1 Rxd1+ 38. Ke2 Rd8 39. Rg3 Bf7 40. a3
Kg8 41. Ke3 Bc4 42. Rg4 b5 43. a4 a6 44. axb5 axb5 45. Ke4 Rd2 46. Ke3 Rxb2 47.
h4 Rc2 48. Re4 Re2+ 49. Kf4 Rxe4+ 0-1

[Event "57 Ogolnopolski Masowy Turniej Szachowy o "ZLOTA WIEZE" - Final Centralny 2015"]
[Site "Chotowa"]
[Date "1899-12-30"]
[Round "5.13"]
[White "Luba, Lukasz"]
[Black "Zochowski, Kacper"]
[Result "0-1"]
[WhiteTitle "I"]
[BlackTitle "k"]
[WhiteElo "2130"]
[BlackElo "2141"]

1. d4 Nf6 2. c4 e6 3. Nf3 Bb4+ 4. Bd2 Qe7 5. Nc3 b6 6. e3 Bb7 7. Bd3 Bxc3 8. Bxc3
Ne4 9. Qc2 Nxc3 10. Qxc3 O-O 11. e4 f5 12. e5 Bxf3 13. gxf3 Qh4 14. Be2 Nc6 15.
Rd1 Ne7 16. Kd2 Ng6 17. Qe3 Nf4 18. Bf1 b5 19. Kc3 bxc4 20. Bxc4 Rab8 21. b3 c6
22. Kb2 a5 23. a3 a4 24. b4 Nh3 25. Rc1 Nxf2 26. Rhf1 Nh3 27. f4 g5 28. Qg3 Qg4
29. Qxg4 fxg4 30. f5 Nf4 31. Rxf4 gxf4 32. fxe6 dxe6 33. Bxe6+ Kh8 34. Bxg4 f3
35. Rf1 f2 36. Bd7 Rf4 37. Bxc6 Kg7 38. Bxa4 Rbf8 39. d5 Re4 40. e6 Re1 41. Bb5
Rxf1 42. Bxf1 Kf6 43. Kc3 Ke5 44. Kd3 Kxd5 45. e7 Re8 46. Ke3 Rxe7+ 47. Kxf2 Ra7
48. b5 Kc5 49. Bd3 h6 50. Ke3 Rxa3 51. Ke4 Ra4+ 52. Kf3 Kd4 53. Be2 Ke5 54. Kg3
Rb4 55. h4 Rb2 56. Kf3 Rb4 57. Kg3 Ke4 58. Bf3+ Kf5 59. Bd1 Rxb5 60. Bc2+ Kf6
61. Ba4 Rb4 62. Bd1 Rd4 63. Bc2 Rc4 64. Bd1 Kf5 65. Be2 Rc3+ 66. Bf3 Ra3 67. h5
Kg5 68. Kg2 Kf4 69. Bd1 Rg3+ 70. Kh2 Rd3 71. Ba4 Re3 72. Kg2 Kg4 73. Kf2 Re5 74.
Bd1+ Kh3 75. Bf3 Rf5 76. Ke3 Kg3 77. Bd1 Re5+ 78. Kd4 Kf4 79. Bf3 Re1 80. Bd5
Rd1+ 81. Kc5 Ke5 82. Bf7 Rc1+ 83. Kb5 Kf6 84. Bg6 Ke5 85. Kb4 Kd4 86. Kb5 Rc5+
87. Kb4 Rc3 88. Bf5 Rc6 89. Kb3 Ke5 90. Bg6 Kf6 91. Kb4 Kg7 92. Be4 Re6 93. Bc2
Rc6 94. Kb3 Kf6 95. Bg6 Kg5 96. Be8 Rc1 97. Kb2 Rc5 98. Bg6 Kg4 99. Kb3 Rxh5 0-1

[Event "57 Ogolnopolski Masowy Turniej Szachowy o "ZLOTA WIEZE" - Final Centralny 2015"]
[Site "Chotowa"]
[Date "1899-12-30"]
[Round "5.14"]
[White "Borawski, Jakub"]
[Black "Szydelko, Marcin"]
[Result "0-1"]
[WhiteTitle "I++"]
[BlackTitle "I++"]
[WhiteElo "2020"]
[BlackElo "1984"]

1. e4 e5 2. Nf3 Nc6 3. Nc3 Nf6 4. a3 d5 5. Bb5 d4 6. Ne2 Qd6 7. d3 a6 8. Bc4 Be6
9. Bxe6 fxe6 10. Nd2 Be7 11. Nc4 Qd7 12. f4 O-O 13. O-O exf4 14. Bxf4 b5 15. Ne5
Nxe5 16. Bxe5 Ng4 17. Bxd4 e5 18. h3 exd4 19. hxg4 Rxf1+ 20. Qxf1 Rf8 21. Qd1
Bg5 22. Ng3 Be3+ 23. Kh2 Qd6 24. c3 Bf2 0-1

[Event "57 Ogolnopolski Masowy Turniej Szachowy o "ZLOTA WIEZE" - Final Centralny 2015"]
[Site "Chotowa"]
[Date "1899-12-30"]
[Round "5.15"]
[White "Majocha, Piotr"]
[Black "Pytel, Maciej"]
[Result "1/2-1/2"]
[WhiteTitle "II+"]
[BlackTitle "I"]
[WhiteElo "1613"]
[BlackElo "1723"]

1. e4 a6 2. Nc3 b5 3. a3 c5 4. d4 cxd4 5. Qxd4 Nc6 6. Qd1 e6 7. Nf3 Qc7 8. Bd3
Bb7 9. O-O Bc5 10. Qe2 Nd4 11. Nxd4 Bxd4 12. Nd1 Nf6 13. c3 Ba7 14. Kh1 Qc6 15.
f3 d6 16. Be3 Bb8 17. Bc2 Qc7 18. Bd4 e5 19. Bg1 Nh5 20. Bb3 Nf4 21. Qd2 O-O 22.
Ne3 Kh8 23. Rad1 f5 24. Nxf5 d5 25. Ng3 dxe4 26. fxe4 h5 27. Nxh5 Bxe4 28. Nxf4
exf4 29. Bd5 Qe5 30. Bxe4 Qxe4 31. Qd5 Qxd5 32. Rxd5 Ba7 33. Bxa7 Rxa7 34. Rd4
Re7 35. Rfd1 Re2 36. R4d2 Rfe8 37. Kg1 Kh7 38. Kf1 R2e6 39. Kf2 g5 40. h3 Kg6
41. Rd6 Kh5 42. Rxe6 Rxe6 43. Rd8 Kg6 44. Rd2 Kf5 45. Rd5+ Kg6 46. Rd4 Rc6 47.
Kf3 Kh5 48. Re4 Rd6 49. Ke2 Kh4 50. Rd4 Re6+ 51. Kf3 Kh5 52. Re4 Rd6 53. Re2 Kh4
54. Rc2 Rd3+ 55. Kf2 g4 56. hxg4 Kxg4 57. Ke2 Re3+ 58. Kf2 Rd3 59. b3 Kf5 60.
a4 bxa4 61. bxa4 Ke6 62. Rb2 Rxc3 63. Rb6+ Kf5 64. Rxa6 Ke4 65. Ra8 Rc2+ 66. Kg1
Ra2 67. a5 Kd5 68. a6 Kc6 69. a7 Kb7 70. Rf8 Kxa7 71. Rxf4 Kb7 72. Rc4 Ra6 73.
g4 Rc6 74. Rd4 Kc7 75. Kf2 Rd6 76. Re4 Kd7 77. Kf3 Re6 78. Ra4 Ke7 79. Kf4 Kf6
80. g5+ Kg6 81. Ra8 Rb6 82. Rg8+ Kf7 83. Rh8 Kg7 84. Rh1 Rb4+ 85. Kf5 Rb5+ 86.
Kg4 Kg6 87. Rh6+ Kg7 88. Ra6 Rb1 89. Kh5 Rh1+ 90. Kg4 1/2-1/2

[Event "57 Ogolnopolski Masowy Turniej Szachowy o "ZLOTA WIEZE" - Final Centralny 2015"]
[Site "Chotowa"]
[Date "1899-12-30"]
[Round "5.16"]
[White "Rudnik, Anna"]
[Black "Korosciel, Aneta"]
[Result "0-1"]
[WhiteTitle "I++"]
[BlackTitle "m"]
[WhiteElo "1782"]
[BlackElo "2014"]

1. e4 e5 2. d4 exd4 3. Qxd4 d6 4. Nc3 Nc6 5. Qe3 g6 6. Bd3 Bg7 7. Nge2 Nf6 8. Bd2
Ng4 9. Qg3 h5 10. h4 Be6 11. O-O-O Nb4 12. Kb1 Qd7 13. f3 Ne5 14. Bb5 c6 15. Ba4
b5 16. Bb3 Bxb3 17. axb3 a5 18. Rhe1 O-O 19. Rf1 a4 20. bxa4 Nc4 21. f4 bxa4 22.
Bc1 a3 23. b3 a2+ 24. Nxa2 Rxa2 25. c3 Ra1+ 26. Kxa1 Qa7+ 0-1

[Event "57 Ogolnopolski Masowy Turniej Szachowy o "ZLOTA WIEZE" - Final Centralny 2015"]
[Site "Chotowa"]
[Date "1899-12-30"]
[Round "5.17"]
[White "Cukrowski, Filip"]
[Black "Kopczyk, Daniel"]
[Result "1-0"]
[WhiteTitle "m"]
[BlackTitle "k"]
[WhiteElo "2324"]
[BlackElo "2186"]

1. e4 g6 2. d4 Bg7 3. Nc3 c5 4. Be3 Qa5 5. a3 Nf6 6. Bd3 cxd4 7. Bxd4 Nc6 8. Bxf6
Bxf6 9. Nge2 O-O 10. O-O d6 11. Rb1 Qd8 12. f4 Bd7 13. Qe1 Rc8 14. Kh1 Nd4 15.
Nd5 Bg7 16. Nxd4 Bxd4 17. Qb4 Bb6 18. f5 Bc6 19. Qd2 Bd4 20. fxg6 hxg6 21. Qg5
Bxd5 22. Qxd5 Be5 23. Qxb7 Rc7 24. Qb4 Kg7 25. Qd2 Rh8 26. h3 e6 27. c3 Qh4 28.
Qf2 Qg5 29. Rbd1 Rh4 30. Rde1 Bg3 31. Qe3 Bf4 32. Qf3 Bg3 33. Re3 Be5 34. Qe2
Rf4 35. Ref3 Rxf3 36. Qxf3 Qe7 37. a4 Rc8 38. a5 Rb8 39. Qf2 Rh8 40. a6 Rh5 41.
Be2 Rh4 42. Qe3 Rh8 43. b4 Rb8 44. Rb1 Rb6 45. b5 Qc7 46. c4 Rb8 47. Rc1 Rc8 48.
Rb1 Rb8 49. Rd1 Rc8 50. Bd3 Rd8 51. Rb1 Rb8 52. Qf2 Kg8 53. Be2 Kg7 54. g3 Kg8
55. Kg2 Bc3 56. Qe3 Ba5 57. h4 Bb6 58. Qf4 Qc5 59. Rf1 Rf8 60. Rd1 f5 61. Rf1
Qe3 62. Qxe3 Bxe3 63. exf5 Rxf5 64. Bf3 Bc5 65. Rd1 Kf7 66. b6 Bxb6 67. Rxd6 Ra5
68. Bb7 Ra2+ 69. Kh3 Ke7 70. Rd3 Ra4 71. Rc3 Kd6 72. Kg4 Bd4 73. Rd3 Kc5 74. Kg5
Kxc4 75. Rf3 e5 76. Kxg6 Ra1 77. g4 Re1 78. Kf5 Kc5 79. h5 Kd6 80. g5 Ke7 81.
h6 e4 82. Bxe4 Ra1 83. Bb7 Ra5+ 84. Kg6 Rb5 85. Rf7+ Ke6 86. Bc8+ Ke5 1-0